Journalism : ethics and objectives

Bibliographic Details
Other Authors: Rajsekhar, T
Format: Book
Published: New Delhi : Sonali Publications , 2007
Subjects:

MARC

LEADER 00000cam a2200000 7i4500
001 0000039105
005 20131206.0
008 131206
020 |a 8184110707 
090 0 0 |a 174.9097   |b JOU 
245 1 0 |a Journalism :   |b ethics and objectives 
260 |a New Delhi :   |b Sonali Publications ,   |c 2007 
650 0 |a Journalism   |x Objectives 
650 0 |a Journalistic ethics 
700 1 |a Rajsekhar, T 
999 |a 0001257229   |b Book   |c Adult Collection   |e Perbadanan Perpustakaan Awam Johor